Fiestas temáticas para tu hijo: 50 divertidos temas para celebraciones de cumpleaños y otras fiestas (Registro nro. 1039)
[ vista simple ]
| 000 -Cabecera | |
|---|---|
| Campo de control de longitud fija | 00589aam a2200217 4500 |
| 005 - Fecha y hora de la última transacción | |
| Campo de control | 20240715164927.0 |
| 008 - Elementos de longitud fija--Información general | |
| Campo de control de longitud fija | 150326b xxu||||| |||| 00| 0 spa d |
| 020 ## - International Standard Book Number | |
| Número Internacional Estándar del Libro (ISBN) | 843291178X |
| 041 ## - Idioma | |
| Código de idioma | Español |
| 082 ## - Clasificación Decimal Dewey | |
| Número de clasificación | 793.21 W279f |
| 100 ## - Entrada principal--Autor personal | |
| Nombre personal | Warner, Penny |
| 9 (RLIN) | 22411 |
| 245 ## - Título propiamente dicho | |
| Título | Fiestas temáticas para tu hijo: 50 divertidos temas para celebraciones de cumpleaños y otras fiestas |
| 260 ## - Pie de imprenta | |
| Lugar de publicación, distribución, etc. | España |
| 260 ## - Pie de imprenta | |
| Nombre del editor, distribuidor, etc. | Ediciones CEAC |
| 260 ## - Pie de imprenta | |
| Fecha de publicación, distribución, etc. | 2005 |
| 300 ## - Descripción física | |
| Extensión | 143 páginas |
| 650 ## - Materia general | |
| Temática (materia general) | FIESTAS INFANTILES |
| 650 ## - Materia general | |
| Temática (materia general) | FIESTAS TEMÁTICAS |
| 942 ## - Punto de acceso adicional KOHA | |
| Tipo de ítem KOHA | Libro |
| Fuente del sistema de clasificación o colocación | Dewey Decimal Classification |
| Signatura completa | Código de barras | Programa Académico | Tipo de ítem |
|---|---|---|---|
| 793.21 W279f | 16917 | Dirección de Educación Comunitaria y Asistencia Técnica | Libro |